Civil liberties and the state a documentary and reference guide /

Đã lưu trong:
Chi tiết về thư mục
Tác giả chính: Latimer, Christopher P.
Tác giả của công ty: ebrary, Inc
Định dạng: Điện tử eBook
Ngôn ngữ:Tiếng Anh
Được phát hành: Santa Barbara, Calif. : Greenwood, c2011.
Loạt:Documentary and reference guides.
Những chủ đề:
Truy cập trực tuyến:An electronic book accessible through the World Wide Web; click to view
Các nhãn: Thêm thẻ
Không có thẻ, Là người đầu tiên thẻ bản ghi này!

MARC

LEADER 00000nam a2200000 a 4500
001 ebr10441985
003 CaPaEBR
006 m u
007 cr cn|||||||||
008 101001s2011 caua sb 001 0 eng d
010 |z  2010041535 
020 |z 9780313379345 (hbk. : alk. paper) 
020 |z 9780313379352 (e-book) 
040 |a CaPaEBR  |c CaPaEBR 
035 |a (OCoLC)702678060 
043 |a n-us--- 
050 1 4 |a KF4744  |b .L37 2011eb 
082 0 4 |a 342.7308/5  |2 22 
100 1 |a Latimer, Christopher P. 
245 1 0 |a Civil liberties and the state  |h [electronic resource] :  |b a documentary and reference guide /  |c Christopher Peter Latimer. 
260 |a Santa Barbara, Calif. :  |b Greenwood,  |c c2011. 
300 |a xix, 367 p. :  |b ill. 
490 1 |a Documentary and reference guides 
504 |a Includes bibliographical references and index. 
533 |a Electronic reproduction.  |b Palo Alto, Calif. :  |c ebrary,  |d 2013.  |n Available via World Wide Web.  |n Access may be limited to ebrary affiliated libraries. 
650 0 |a Civil rights  |z United States  |x History  |v Sources. 
655 7 |a Electronic books.  |2 local 
710 2 |a ebrary, Inc. 
830 0 |a Documentary and reference guides. 
856 4 0 |u http://site.ebrary.com/lib/daystar/Doc?id=10441985  |z An electronic book accessible through the World Wide Web; click to view 
999 |c 192001  |d 192001